000 00341nam a2200145Ia 4500
008 230917s9999||||xx |||||||||||||| ||und||
040 _e142850
_aMAIN
041 _aEnglish
082 _a954.02 S23M
100 _aSharma, Gopinath
245 0 _aMewar mughal sambandh
260 _aRajhg academy
_c1976
300 _a210p p.
942 _cBK
999 _c183672
_d183672